Music Quiz

Random Music or Year Quiz
Score 0/100 Timer 10:00
0 Plays Today
Year Artist % Correct
1999Britney Spears
87.8%
1990Madonna
86.5%
1995Madonna
86.5%
1997Elton John
83.9%
1998Elton John
83.9%
1999Whitney Houston
82.7%
1999Ricky Martin
82.7%
1993Whitney Houston
82.5%
1992TLC
80.9%
1995TLC
80.9%
1995TLC
80.9%
1999TLC
80.9%
1996Mariah Carey & Boyz II Men
79%
1999Christina Aguilera
75.2%
1995Seal
72.9%
1990Mariah Carey
71.5%
1993Mariah Carey
71.5%
1994Mariah Carey
71.5%
1995Mariah Carey
71.5%
1996Mariah Carey
71.5%
1994Bryan Adams, Rod Stewart, Sting
70.3%
1995Coolio featuring L.V.
69.9%
1990Sinéad O'Connor
68.7%
1992Boyz II Men
67.7%
1994Boyz II Men
67.7%
1995Boyz II Men
67.7%
1991Bryan Adams
67.6%
1997Spice Girls
66.8%
1992Eric Clapton
63.2%
1997R. Kelly
62.9%
1992Red Hot Chili Peppers
60%
1994Ace of Base
59.4%
1994Ace of Base
59.4%
1994Ace of Base
59.4%
Year Artist % Correct
1992Sir Mix-a-Lot
59.4%
1994Celine Dion
56.8%
1996Celine Dion
56.8%
1990Jon Bon Jovi
53.9%
1994Toni Braxton
52.6%
1996Toni Braxton
52.6%
1997Toni Braxton
52.6%
1993Janet Jackson
49.8%
1998Janet Jackson
49.8%
1998Shania Twain
48.7%
1999Cher
48.2%
1990Phil Collins
48%
1998Brandy & Monica
46.9%
1992Kris Kross
43%
1991C+C Music Factory
42.9%
1997Puff Daddy and Faith Evans (f 112)
42.5%
1998Savage Garden
41.4%
1997Puff Daddy & The Family featuring Mase
41.2%
1990En Vogue
38%
1992En Vogue
38%
1997En Vogue
38%
1990Wilson Phillips
37.1%
1999Sugar Ray
36.7%
1993Snow
36.5%
1997Jewel
35.5%
1991Extreme
35.3%
1997LeAnn Rimes
34.3%
1998LeAnn Rimes
34.3%
1991Paula Abdul
33.9%
1990Roxette
33.4%
1999Sixpence None the Richer
32.9%
1995Monica
32.5%
1999Monica
32.5%
1995Montell Jordan
31.8%
Year Artist % Correct
1994Lisa Loeb & Nine Stories
30.6%
1991EMF
30.3%
1992Color Me Badd
29.4%
1991Color Me Badd
28.4%
1996Bone Thugs-n-harmony
27.9%
1992Vanessa Williams
27.8%
1993UB40
27.3%
1990Bell Biv Devoe
27%
1996Los Del Rio
26.6%
1996Tracy Chapman
26.2%
1990Billy Idol
24.6%
1993Tag Team
23.9%
1998Paula Cole
22.5%
1994All-4-One
22.5%
1998K-Ci & Jojo
21.8%
1991Amy Grant
20.9%
1998Usher
20.7%
1996Donna Lewis
16.2%
1997Mark Morrison
16.1%
1998Next
13.5%
1993SWV (Sisters With Voices)
13%
1993Wreckx-N-Effect
10.9%
1996Keith Sweat
9.9%
1996Tony Rich Project
9.2%
1995Real McCoy
8.7%
1993Silk
7.5%
1992Jon Secada
7.4%
1993Shai
7.4%
1999Deborah Cox
6.7%
1991Timmy T
5.4%
1991Hi-Five
4%
1991Surface
2.7%
Remove Ads.
Support Sporcle.
Get the best of Sporcle when you Go Orange. This ad-free experience offers more features, more stats, and more fun while also helping to support Sporcle. Thank you for becoming a member.

You're not logged in!

Compare scores with friends on all Sporcle quizzes.
OR
Log In

Show Comments

Extras

Top Quizzes Today


Score Distribution

Your Account Isn't Verified!

In order to create a playlist on Sporcle, you need to verify the email address you used during registration. Go to your Sporcle Settings to finish the process.

Report this User

Report this user for behavior that violates our Community Guidelines.

Details: